1663 1719 1732 1994 1844 1091 1616 1850 1910 1705 1498 1199 1111 1040 1220 1387 1641 1872 1624 1589 1840 1987 1314 1809 1823 1718 1285 1757 1782 1824 1403 1885 1317 1417 1621 1410 1687 1916 1233 1224 1238 1376 1860 1922 1930 1643 1957 1376 1284 1215 1799 1365 1021 1486 1006 1311 1653 1770 1820 1153 1435 1081 1324 1665 1251 1512 1505 1536 1158 1782 1732 1409 1780 1898 1869 1348 1847 1696 1888 1778 1242 1189 1167 1274 1747 1490 1149 1864 1077 1528 1812 1251 1307 1829 1309 1334 1897 1299 1248 BCNSPRNW ULIB Ver.6.0+V

เปลี่ยนเป็นภาษาไทย

Change to English
 แสดงรายละเอียดบรรณานุกรม
  กลับหน้าหลัก

Brief Record : Get Marc (ISO 2709) : E-mail record : QR code < ปิดหน้าต่าง
LEADER : 00000nam 2200000uu 4500
001    13399129102
003     ULIB
008    250717s2566||||th 000 0 tha d
020    ^a9786164874374
050  4 ^aHF5548.4.M525^bด211ค
100 0  ^aดวงพร เกี๋ยงคำ.
245 1  ^aคู่มือการใช้งาน Microsoft 365 ฉบับ Complete guide /^cดวงพร เกี๋ยงคำ.
250    ^aพิมพ์ครั้งที่ 1.
260    ^aนนทบุรี :^bไอดีซี พรีเมียร์,^c2566.
300    ^a(XIX), 576 หน้า :^bภาพประกอบ ;^c23 ซม.
505 0  ^aPart 1 : แนะนำให้รู้จักกับ Microsoft 365 -- รู้จักกับ Microsoft 365 -- Part 2 : ทำงานด้านการประมวลผลคำ Word processing ด้วย Word -- ออกแบบเอกสารสำนักงานแบบต่างๆ -- จัดรูปแบบเอกสาร Format document -- ทิป & เทคนิคการใส่เนื้อหาต่างๆ -- จดหมายเวียน ซอง และป้ายฉลาก -- Part 3 : ทำงานด้านสเปรดชีท (Spreadsheet) ด้วย Excel -- พื้นฐาน Excel -- สูตรคำนวณและการอ้งอิง -- สูตรคำนวณ Formula & function -- สร้างรายงาน & นำเสนอวิเคราะห์ข้อมูล-- Part 4 : สร้างงานนำเสนอ (Presentation) ผ่านสไลด์ด้วย PowerPoint -- Plan to present สร้างงานนำเสนอ -- เริ่มต้นใช้งาน PowerPoint พื้นฐาน -- Slide content ใส่เนื้อหาลงในสไลด์ -- Animation & Transition slide show
505 0  ^aPart 1. แนะนำให้รู้จักกับ Microsoft 365. 1, รู้จักกับ Microsoft 365 -- Part 2. ทำงานด้านการประมวลผลคำ Word processing ด้วย word. 2, ออกแบบเอกสารสำนักงานแบบต่างๆ. 3, จัดรูปแบบเอกสาร Format document. 4, ทิป & เทคนิคการใส่เนื้อหาต่างๆ. 5, จดหมายเวียน ซอง และป้ายฉลาก -- Part 3. ทำงานด้านสเปรดชีท (Spreadsheet) ด้วย Excel. 6, พื้นฐาน Excel. 7, สูตรคำนวณและการอ้างอิง. 8, สูตรคำนวณ Formula & function. 9, สร้างรายงาน & นำเสนอวิเคราะห์ข้อมูล -- Part 4. สร้างงานนำเสนอ (Presentation) ผ่านสไลด์ด้วย PowerPoint. 10, Plan to present สร้างงานนำเสนอ. 11, เริ่มต้นใช้งาน PowerPoint พื้นฐาน. 12, Slide content ใส่เนื้อหาลงในสไลด์. 13, Animation & transition slide show -- Part 5. ทำงานกับฐานข้อมูล (Database) ด้วย Access. 14, รู้จักกับฐานข้อมูล (Database). 15, สร้างไฟล์ฐานข้อมูล (Database file). 16, สร้างตารางข้อมูล (Table). 17, คิวรี และรายงาน Query & report. 18, สร้าง form ป้อน/แสดงข้อมูล -- Part 6. จัดเก็บและแชร์ข้อมูลด้วย OneDrive. 19, แชร์เอกสารและการใช้ OneDrive.
505 0  ^aPart 5 : ทำงานกับฐานข้อมูล (Database) ด้วย Access -- รู้จักกับฐานข้อมูล (Database) -- สร้างไฟล์ฐานข้อมูล (Database file) -- สร้างตารางข้อมูล (Table) -- คิวรี และรายงาน Query & report -- สร้าง Form ป้อน/แสดงข้อมูล -- Part 6 : จัดเก็บและแชร์ข้อมูลด้วย OneDrive -- แชร์เอกสารและการใช้ OneDrive
505 2  ^apart 1 : แนะนำให้รู้จักกับ Microsoft 365 -- Chapter 1 รู้จักกับ Microsoft 365 -- Part 2 : ทำงานด้านการประมวลผลคำ word Processing ด้วย World -- Chapter 2 ออกแบบเอกสารสำนักงานแบบต่าง ๆ -- Chapter 3 จัดรูปแบบเอกสาร Format Document -- Chapter 4 ทิป & เทคนิคการใส่เนื้อหาต่าง ๆ -- Chapter 5 จดหมายเวียน ซอง และป้ายฉลาก -- Part 3 : ทำงานด้านสเปรดชีท (Spreadsheet) ด้วย Excel -- Chapter 6 พื้นฐน Excel -- Chapter 7 สูตรคำนวณและการอ้างอิง -- Chapter 8 สูตรคำนวณ Formula & Function -- Chapter 9 สร้างรายงาน & นำเสนอวิเคราะห์ข้อมูล -- Part 4 : สร้างงานนำเสนอ (Presentation) ผ่านสไลด์ด้วย PowerPoint -- Chapter 10 Plan to Present สร้างงานนำเสนอ -- Chapter 11 เริ่มต้นใช้งาน PowerPoint พื้นฐาน -- Chapter 12 Slide Content ใส่เนื้อหาลงในสไลด์ -- Chapter 13 Animation & Transition Slide Show -- Part 5 : ทำงานกับฐานข้อมูล (Database) ด้วย Access -- Chapter 14 รู้จักกับฐานข้อมูล (Database) -- Chapter 15 สร้างไฟล์ฐานข้อมูล (Database File) -- Chapter 16 สร้างตารางข้อมูล (Table) -- Chapter 17 คิวรี และรายงาน Query & Report -- Chapter 18 สร้าง Form ป้อน/แสดงข้อมูล -- Part 6 : จัดเก็บและแชร์ข้อมูลด้วย OneDrive -- Chapter 19 แชร์เอกสารและการใช้ OneDrive
630 0  ^aไมโครซอฟต์ออฟฟิศ.
650  4 ^aMicrosoft 365 (โปรแกรมคอมพิวเตอร์).
650  4 ^aMicrosoft Office 365 (โปรแกรมคอมพิวเตอร์)
650  4 ^aการจัดการฐานข้อมูล.
650  4 ^aฐานข้อมูล.
650  4 ^aไมโครซอฟ 365^xโปรแกรมคอมพิวเตอร์
650  4 ^aสำนักงานอัตโนมัติ^xโปรแกรมคอมพิวเตอร์.
650  7 ^aโปรแกรมคอมพิวเตอร์
650 0  ^aไมโครซอฟต์ 365 (โปรแกรมคอมพิวเตอร์).
650 0  ^aไมโครซอฟต์ออฟฟิศ.
650 0  ^aไมโครซอฟต์ออฟฟิศ365
945    ^p480^l0^i011859
999    ^aประนอม เกษจรัล
รายการนี้ยังไม่มีแท็ก
คุณยังไม่ได้ล็อกอิน คุณสามารถมีกิจกรรมร่วมกับเว็บไซต์ได้ แต่ต้องล็อกอินก่อน ::
  ล็อกอิน

รายการสื่อสารสนเทศ

ลำดับที่ ประเภท เลขเรียก/บาร์โค้ด สถานที่ สถานะ
1. การศึกษาทั่วไป
หนังสือสำรอง
สถานะ=หนังสือสำรอง
HF5548.4.M525 ด211ค ฉ.1 
  Barcode: 011859
ห้องสมุดวิทยาเขตสวรรค์ประชารักษ์
►หนังสือทั่วไป
บนชั้น

รายการใกล้เคียง
    หัวเรื่อง [Microsoft Office 365 (โปรแกรมคอมพิวเตอร์)]
    หัวเรื่อง [โปรแกรมคอมพิวเตอร์]

BibComment


ยังไม่เคยถูกคอมเมนท์

คอมเมนท์ทรัพยากรรายการนี้
  คอมเมนท์: คู่มือการใช้งาน ..


 Copyright 2026. Bcnsprnw @Library